Poland : (Record no. 200447840)
[ view plain ]
| 000 -LEADER | |
|---|---|
| fixed length control field | 01026cam a2200325 i 4500 |
| 001 - CONTROL NUMBER | |
| control field | 200447840 |
| 003 - CONTROL NUMBER IDENTIFIER | |
| control field | TR-AnTOB |
| 005 - DATE AND TIME OF LATEST TRANSACTION | |
| control field | 20251229144841.0 |
| 007 - PHYSICAL DESCRIPTION FIXED FIELD--GENERAL INFORMATION | |
| fixed length control field | ta |
| 008 - FIXED-LENGTH DATA ELEMENTS--GENERAL INFORMATION | |
| fixed length control field | 220302r1974 pl abf 000 0deng d |
| 010 ## - LIBRARY OF CONGRESS CONTROL NUMBER | |
| LC control number | 75306558 |
| 020 ## - INTERNATIONAL STANDARD BOOK NUMBER | |
| Terms of availability | zł175.00 |
| 040 ## - CATALOGING SOURCE | |
| Original cataloging agency | DLC |
| Language of cataloging | eng |
| Description conventions | rda |
| Transcribing agency | DLC |
| Modifying agency | DLC |
| -- | MoSU-L |
| -- | TR-AnTOB |
| 041 1# - LANGUAGE CODE | |
| Language code of text/sound track or separate title | İngilizce |
| Language code of original | pol |
| 043 ## - GEOGRAPHIC AREA CODE | |
| Geographic area code | e-pl--- |
| 050 00 - LIBRARY OF CONGRESS CALL NUMBER | |
| Classification number | DK404 |
| Item number | .P625613 1977 |
| 090 ## - LOCALLY ASSIGNED LC-TYPE CALL NUMBER (OCLC); LOCAL CALL NUMBER (RLIN) | |
| Classification number (OCLC) (R) ; Classification number, CALL (RLIN) (NR) | TOBBK DK404 |
| Local cutter number (OCLC) ; Book number/undivided call number, CALL (RLIN) | .P625613 1977 |
| 130 0# - MAIN ENTRY--UNIFORM TITLE | |
| Uniform title | Polska, informator. |
| Language of a work | English. |
| 245 10 - TITLE STATEMENT | |
| Title | Poland : |
| Remainder of title | a handbook. |
| 264 #1 - PRODUCTION, PUBLICATION, DISTRIBUTION, MANUFACTURE, AND COPYRIGHT NOTICE | |
| Place of production, publication, distribution, manufacture | Warsaw : |
| Name of producer, publisher, distributor, manufacturer | Interpress Publishers, |
| Date of production, publication, distribution, manufacture, or copyright notice | 1974. |
| 300 ## - PHYSICAL DESCRIPTION | |
| Extent | 572 pages, [75] leaves of plates (1 fold.) : |
| Other physical details | illustrations, maps (some col.) ; |
| Dimensions | 25 cm |
| 336 ## - CONTENT TYPE | |
| Content type term | text |
| Content type code | txt |
| Source | rdacontent |
| 337 ## - MEDIA TYPE | |
| Media type term | unmediated |
| Media type code | n |
| Source | rdamedia |
| 338 ## - CARRIER TYPE | |
| Carrier type term | volume |
| Carrier type code | nc |
| Source | rdacarrier |
| 500 ## - GENERAL NOTE | |
| General note | "Poland 1974" (12 p.) and "30th anniversary of the Polish Peoples Republic" (18 p.) laid in. |
| 651 #0 - SUBJECT ADDED ENTRY--GEOGRAPHIC NAME | |
| Geographic name | Poland |
| 9 (RLIN) | 151358 |
| 942 ## - ADDED ENTRY ELEMENTS (KOHA) | |
| Source of classification or shelving scheme | Other/Generic Classification Scheme |
| Koha item type | Book |
| Withdrawn status | Lost status | Source of classification or shelving scheme | Not for loan | Collection code | Home library | Current library | Shelving location | Date acquired | Source of acquisition | Inventory number | Total Checkouts | Full call number | Barcode | Date last seen | Date shelved | Koha item type | Public note |
|---|---|---|---|---|---|---|---|---|---|---|---|---|---|---|---|---|---|
| Other/Generic Classification Scheme | Ödünç Verilemez-Kurumiçi kullanım / Not for loan-For inhouse use | TOBB Kütüphanesi Bağış Koleksiyonu - Klasik | Merkez Kütüphane | Merkez Kütüphane | TOBB Bağışı Koleksiyonu / TOBB Gift Collection | 01/07/2005 | TOBB Devir / TOBB Transfer | TAR | TOBBK DK404 .P625613 1977 | T001486 | 02/03/2022 | 08/03/2022 | Book | Donated by TOBB. |
